Tous les clubs promus de Ligue 2 - Statistiques

Statistiques générales
  • Ce quiz a été pris 87 fois
  • Le résultat moyen est 45 sur 65
Statistiques - réponses
Club Nombre Dernière montée % Correct
FC Metz 11 2024-2025
96%
RC Lens 8 2019-2020
94%
FC Lorient 5 2024-2025
93%
Olympique de Marseille 4 1995-1996
93%
AJ Auxerre 3 2023-2024
91%
Paris FC 2 2024-2025
91%
AS Saint-Étienne 6 2023-2024
90%
Lille OSC 6 1999-2000
90%
Paris-Saint-Germain 2 1973-1974
90%
OGC Nice 6 2001-2002
89%
Stade Brestois 29 5 2018-2019
89%
Stade Rennais FC 8 1993-1994
89%
AS Monaco 5 2012-2013
88%
RC Strasbourg Alsace 10 2016-2017
88%
FC Nantes 3 2012-2013
86%
Girondins de Bordeaux 4 1991-1992
86%
Le Havre AC 8 2022-2023
86%
Olympique Lyonnais 3 1988-1989
85%
AS Nancy-Lorraine 7 2015-2016
84%
Toulouse FC 5 2021-2022
84%
Angers SCO 7 2023-2024
83%
FC Nancy 3 1959-1960
83%
Montpellier HSC 7 2008-2009
83%
Stade de Reims 4 2017-2018
81%
Toulouse FC 2 1952-1953
81%
ES Troyes AC 9 2020-2021
80%
Nîmes Olympique 5 2017-2018
79%
EA Guingamp 3 2012-2013
76%
FC Sochaux Montbéliard 6 2000-2001
76%
GFC Ajaccio 1 2014-2015
76%
Amiens SC 1 2016-2017
75%
Grenoble Foot 38 3 2007-2008
75%
AC Ajaccio 4 2021-2022
74%
Dijon FCO 2 2015-2016
74%
SM Caen 7 2013-2014
74%
Clermont Foot 63 1 2020-2021
71%
SC Bastia 3 2011-2012
70%
Stade Lavallois 1 1975-1976
70%
CS Sedan-Ardennes 3 2005-2006
69%
FC Rouen 4 1981-1982
69%
Le Mans FC 2 2004-2005
69%
Évian Thonon Gaillard FC 1 2010-2011
68%
AC arlésien 1 2009-2010
66%
Red Star FC 4 1973-1974
66%
Valenciennes FC 8 2005-2006
66%
US Boulogne CO 1 2008-2009
64%
AS Cannes 3 1992-1993
63%
Tours FC 2 1983-1984
63%
SC Toulon 3 1982-1983
56%
FC Istres 1 2003-2004
55%
FC Martigues 1 1992-1993
53%
LB Châteauroux 1 1996-1997
49%
FC Mulhouse 3 1988-1989
48%
AS Aix-en-Provence 1 1966-1967
46%
Chamois niortais FC 1 1986-1987
46%
FC gueugnonnais 1 1994-1995
46%
RC Roubaix 1 1935-1936
39%
AC Avignon 1 1974-1975
38%
Limoges FC 1 1957-1958
35%
SR Colmar 1 1947-1948
31%
Angoulême Charente FC 1 1968-1969
25%
AS Béziers 1 1956-1957
24%
Olympique d'Alès 3 1956-1957
21%
Stade Français 3 1958-1959
20%
Racing CF 3 1985-1986
15%
Aucun quiz correspondant
Distribution des résultats
% des personnes avec chaque résultat
Percentile par nombre de réponses
Votre historique - résultats
Vous n’avez pas pris ce quiz